| 000 | 00715nam a2200217Ia 4500 | ||
|---|---|---|---|
| 008 | 140429s9999 xx 000 0 und d | ||
| 020 | _a1591583047 | ||
| 050 |
_aZ 1037.A2 _b.M37 2006 |
||
| 100 | _aMarks, Diana F. | ||
| 245 |
_aChildren's book award handbook / _cDiana F. Marks ; illustrations by Susanne frey. |
||
| 250 | _a1st ed. | ||
| 260 |
_aLondon : _bLibraries Unlimited, _cc2006. |
||
| 300 |
_a412 p. : _bill. ; _c28 cm. |
||
| 500 | _aIncludes bibliographical references and index. | ||
| 521 | _aGE | ||
| 650 |
_aChildren's literature _xAwards. |
||
| 650 |
_aChildren's literature, American _xAwards. |
||
| 650 |
_aYoung adult literature, American _xAwards. |
||
| 942 |
_kFOR _cBK |
||
| 999 |
_c115683 _d115683 |
||